Utilization of entomonematodes in biological control of insect pests / (رقم التسجيلة. 170625)

تفاصيل مارك
000 -LEADER
fixed length control field 03321namaa22004331i 4500
003 - CONTROL NUMBER IDENTIFIER
control field OSt
005 - أخر تعامل مع التسجيلة
control field 20250223033426.0
008 - FIXED-LENGTH DATA ELEMENTS--GENERAL INFORMATION
fixed length control field 250205s2024 |||a|||f m||| 000 0 eng d
040 ## - CATALOGING SOURCE
Original cataloguing agency EG-GICUC
Language of cataloging eng
Transcribing agency EG-GICUC
Modifying agency EG-GICUC
Description conventions rda
041 0# - LANGUAGE CODE
Language code of text/sound track or separate title eng
Language code of summary or abstract eng
-- ara
049 ## - Acquisition Source
Acquisition Source Deposit
082 04 - DEWEY DECIMAL CLASSIFICATION NUMBER
Classification number 630
092 ## - LOCALLY ASSIGNED DEWEY CALL NUMBER (OCLC)
Classification number 630
Edition number 21
097 ## - Degree
Degree Ph.D
099 ## - LOCAL FREE-TEXT CALL NUMBER (OCLC)
Local Call Number Cai01.07.20.Ph.D.2024.Mo.U.
100 0# - MAIN ENTRY--PERSONAL NAME
Authority record control number or standard number Mohammed Nasr Ragab Heikal,
Preparation preparation.
245 10 - TITLE STATEMENT
Title Utilization of entomonematodes in biological control of insect pests /
Statement of responsibility, etc. By Mohammed Nasr Ragab Heikal; Superviors DR. Ahmed Mahmoud Aly Salman, DR. Ahmed Salah Mohamed Al-Roubi, DR. Muhammed s. M. Shamseldean.
246 15 - VARYING FORM OF TITLE
Title proper/short title استخدام نيماتودا الحشرات في مكافحة الآفات الحشرية /
264 #0 - PRODUCTION, PUBLICATION, DISTRIBUTION, MANUFACTURE, AND COPYRIGHT NOTICE
Date of production, publication, distribution, manufacture, or copyright notice 2024.
300 ## - PHYSICAL DESCRIPTION
Extent 112 pages :
Other physical details illustrations ;
Dimensions 25 cm. +
Accompanying material CD.
336 ## - CONTENT TYPE
Content type term text
Source rda content
337 ## - MEDIA TYPE
Media type term Unmediated
Source rdamedia
338 ## - CARRIER TYPE
Carrier type term volume
Source rdacarrier
502 ## - DISSERTATION NOTE
Dissertation note Thesis (Ph.D)-Cairo University, 2024.
504 ## - BIBLIOGRAPHY, ETC. NOTE
Bibliography, etc. note Bibliography: pages 85-112.
520 ## - SUMMARY, ETC.
Summary, etc. This study was planned to find novel indigenous Entomopathogenic Nematodes (EPN) in agricultural soils . one isolate did not show a high recorded in the database of the Gene Bank and hence was identified as a new Heterorhabditis species and was deposited at the National Center for Biotechnology Information (NCBI) and registered with an accession no. (OP555450) under the name of Heterorhabditis alii. Moreover, virulence of this new EPN species against the fall armyworm was tested in comparison to the foreign EPN species, Heterorhabditis bacteriophora (HP88) and the local Heterorhabditis indica (Mango 2 isolate)
520 ## - SUMMARY, ETC.
Summary, etc. تم عزل خمس سلالات من النيماتودا الممرضة للحشرات من عينات التربة. تم إكتشاف عزلة منهم إنها غير موجودة في قاعدة بيانات بنك الجينات، وبالتالي تم تحديدها على أنها نوع جديد من Heterorhabditis وتم تسجليها تحت رقم (OP555450) تحت اسم Heterorhabditis alii وتم عمل التوصيف المورفولوجي. وتم اختبار كفاءة هذا النوع الجديد ضد دودة الحشد بالمقارنة مع نوع أجنبي مثل Heterorhabditis bacteriophora HP88)) و نوع محلي وهو (Heterorhabditis indica Mango 2 isolate) وأثبت النوع الجديد أنه الأكثر فعالية من بين الانواع الثلاثة.
530 ## - ADDITIONAL PHYSICAL FORM AVAILABLE NOTE
Issues CD Issues also as CD.
546 ## - LANGUAGE NOTE
Text Language Text in English and abstract in English.
650 #7 - SUBJECT ADDED ENTRY--TOPICAL TERM
Topical term or geographic name entry element Agriculture
Source of heading or term qrmak
653 #0 - INDEX TERM--UNCONTROLLED
Uncontrolled term Biological contol
-- Entomopathogenic nematodes
-- Heterorhabditis alii,
-- Heterorhabditis sp
-- DNA sequencing
-- the Fall Armyworm (FAW)
-- Spodoptera frugiperda
700 0# - ADDED ENTRY--PERSONAL NAME
Personal name Ahmed Mahmoud Aly Salman
Relator term thesis advisor.
700 0# - ADDED ENTRY--PERSONAL NAME
Personal name Ahmed Salah Mohamed Al-Roubi
Relator term thesis advisor.
700 0# - ADDED ENTRY--PERSONAL NAME
Personal name Muhammed s. M. Shamseldean
Relator term thesis advisor.
900 ## - Thesis Information
Grant date 01-01-2024
Supervisory body Ahmed Mahmoud Aly Salman
-- Ahmed Salah Mohamed Al-Roubi
-- Muhammed s. M. Shamseldean
Universities Cairo University
Faculties Faculty of Agriculture
Department Department of Zoology and Agricultural Nematology
905 ## - Cataloger and Reviser Names
Cataloger Name Sara Salah
Reviser Names Huda
942 ## - ADDED ENTRY ELEMENTS (KOHA)
Source of classification or shelving scheme Dewey Decimal Classification
Koha item type Thesis
Edition 21
Suppress in OPAC No
المقتنيات
Source of classification or shelving scheme Home library Current library Date acquired Inventory number Full call number Barcode Date last seen Effective from Koha item type
Dewey Decimal Classification المكتبة المركزبة الجديدة - جامعة القاهرة قاعة الرسائل الجامعية - الدور الاول 05.02.2025 90536 Cai01.07.20.Ph.D.2024.Mo.U. 01010110090536000 05.02.2025 05.02.2025 Thesis
Cairo University Libraries Portal Implemented & Customized by: Eng. M. Mohamady Contacts: new-lib@cl.cu.edu.eg | cnul@cl.cu.edu.eg
CUCL logo CNUL logo
© All rights reserved — Cairo University Libraries
CUCL logo
Implemented & Customized by: Eng. M. Mohamady Contact: new-lib@cl.cu.edu.eg © All rights reserved — New Central Library
CNUL logo
Implemented & Customized by: Eng. M. Mohamady Contact: cnul@cl.cu.edu.eg © All rights reserved — Cairo National University Library